LEADER 00998nam a2200253 u 4500 001 000000051749 003 CaOOAMICUS 005 20070226115354.0 008 000926s1949 it u000 u ita u 035 $a10856561 040 $aPUL(R)$bita 100 1 $aPedroni, Angelo,$csac.$0(OLS)http://pul/name/37139 245 13$aIl consenso matrimoniale e la teoria della simulazione /$cAngelo Pedroni. 260 $aRoma :$b[s.n.],$c1949. 300 $a45 p. ;$c23 cm 504 $aBibliografia in nota. 650 4$aMatrimonio (diritto canonico).$0(OLS)http://pul/subject/475 850 $aPUL 852 $aPUL$W1$xDP1 Fondo Ciprotti$y59$m1540 C 18$j68533$nBK-PRI$b $qFondi$B68533$CPULBib$Z2$F68533 $H $81 941 1 $a1 960 $aDiritto matrimoniale canonico$9475 961 $aINV: F. Ciprotti 996 $6245$aIl consenso matrimoniale e la teoria della simulazione$9(OLS)http://pul/title/69483 996 $6260$aRoma :$b[s.n.]$9(OLS)http://pul/publisher/47958